000 00543nam a2200181Ia 4500
003 GCL
008 140319s9999 xx 000 0 ara d
040 _aGCL /
_cGCL
082 0 4 _a809.923
_bم ن
100 1 _aمارتن,والاس
245 1 0 _aنظريات السرد الحديثة /
_cمارتن,والاس
700 1 _aحياة باسم محمد
300 _a341 ص
490 _aالمشروع القومى للترجمة
_v0
650 0 4 _aالادب - تاريخ ونقد
650 0 4 _aالسرد الادبى
942 _2ddc
_cBK
999 _c52129
_d52129